000 00699nam a2200229Ia 4500
003 OSt
005 20260312103942.0
008 210716s2009 xx 000 0 und d
020 _a9780972967341
040 _cAIMIT LIBRARY
041 _aeng
082 _a658.404
_24
_bCROA
100 _aCrowe, Andy.
_9258588
245 _aPMP exam:
_bhow to pass on your first try /
_cBy Andy Crowe.
250 _a4th ed.
260 _aMumbai :
_bShroff Publishers and Distributors Pvt Ltd ,
_c2009.
300 _axvi,536 p.;
_bPB
_c28cm.
650 _aFoundational concepts
_9258589
650 _aIntegration management
_9258590
650 _aScope management
_9258591
942 _2ddc
_cBK
_e4
_k658.404 CROA
999 _c191093
_d191093